Porsche Modelle - Statistiken

Allgemein
  • Dieses Quiz wurde 59 mal gespielt
  • Das Durchschnittsergebnis liegt bei 9 aus 17
Antwortstatistiken
Bildquiz Antwort % Korrekt
911
94%
Cayenne
90%
Taycan
82%
Panamera
80%
Carrera GT
78%
Macan
75%
918 Spyder
71%
914
49%
Cayman
49%
912
43%
924
43%
928
37%
944
37%
959
33%
356
27%
Boxster
27%
968
24%
Keine übereinstimmenden Quizze gefunden
Verteilung der Resultate
Anzahl Personen mit jedem Resultat
Perzentil nach korrekt beantworteten Fragen
Ihre Resultats-Entwicklung
Sie haben dieses Quiz noch nicht gespielt